00555nam a2200205 i 4500001001100000003000500011005001700016008004100033040002500074082001200099090001700111245004300128264007000171300001000241336002100251337002500272338002300297942001000320999001900330C2-0220091PPAK20180728150423.0990914s1993 my |||| ||||| | may d aPPAKbengcPPAKerda04a32022300a320bPOLdKK00aPolitik (Keratan Akhbar Koleksi Kedah) 1aAlor Setar, Kedah : bPerbadanan Perpustakaan Awam Kedah , c1993 c33 cm 2rdacontentatext 2rdamediaaunmediated 2rdacarrieravolume ddccB c142409d142409